Central Library OPAC University of Rajshahi

The political environment of economic planning in Iran, 1971-1983 : (Record no. 3833)

MARC details
000 -LEADER
fixed length control field 01153cam a2200325 a 4500
001 - CONTROL NUMBER
control field 3833
003 - CONTROL NUMBER IDENTIFIER
rucl marc code BD-RjUL
005 - DATE AND TIME OF LATEST TRANSACTION
control field 20211208233805.0
008 - FIXED-LENGTH DATA ELEMENTS--GENERAL INFORMATION
fixed length control field 131221s1984 coua b 001 0 eng
020 ## - INTERNATIONAL STANDARD BOOK NUMBER
International Standard Book Number 0865315833 :
035 ## - SYSTEM CONTROL NUMBER
System control number (BD-RjUL)3867
040 ## - CATALOGING SOURCE
Original cataloging agency DLC
Transcribing agency DLC
Modifying agency DLC
-- BD-RjUL
Language of cataloging eng
041 ## - LANGUAGE CODE
Language code of text/sound track or separate title eng
082 00 - DEWEY DECIMAL CLASSIFICATION NUMBER
Classification number 338.955
Edition number 19
Author mark and year RAP 1984
100 1# - MAIN ENTRY--PERSONAL NAME
Personal name Razavi, Hossein.
9 (RLIN) 12204
245 14 - TITLE STATEMENT
Title The political environment of economic planning in Iran, 1971-1983 :
Remainder of title from monarchy to Islamic republic /
Statement of responsibility, etc. Hossein Razavi and Firouz Vakil.
260 ## - PUBLICATION, DISTRIBUTION, ETC. (IMPRINT)
Place of publication, distribution, etc. Boulder :
Name of publisher, distributor, etc. Westview Press,
Date of publication, distribution, etc. 1984.
300 ## - PHYSICAL DESCRIPTION
Pagination xi, 194 p. :
Illustrations ill. ;
Size 24 cm.
504 ## - BIBLIOGRAPHY, ETC. NOTE
Bibliography, etc Includes index.
Bibliography, etc Bibliography: p. 179-183.
651 #0 - SUBJECT ADDED ENTRY--GEOGRAPHIC NAME
Geographic name Iran
General subdivision Economic policy.
9 (RLIN) 12206
Geographic name Iran
General subdivision Economic conditions
Chronological subdivision 1945-1979.
9 (RLIN) 12207
Geographic name Iran
General subdivision Politics and government
Chronological subdivision 1941-1979.
9 (RLIN) 12208
Geographic name Iran
General subdivision Politics and government
Chronological subdivision 1979-
9 (RLIN) 12209
Geographic name Iran
General subdivision Economic conditions
Chronological subdivision 1979-1997.
9 (RLIN) 12210
700 1# - ADDED ENTRY--PERSONAL NAME
Personal name Vakil, Firouz.
942 ## - ADDED ENTRY ELEMENTS (KOHA)
Source of classification or shelving scheme Dewey Decimal Classification
Koha item type Books
Holdings
Lost status Source of classification or shelving scheme Damaged status Not for loan Collection code Permanent Location Current Location Shelving location Date acquired Source of acquisition Total Checkouts Full call number Date last seen Copy number Koha item type
  Dewey Decimal Classification   Not For Loan Non-fiction Central Library, University of Rajshahi Central Library, University of Rajshahi Reading Room 08/03/1989 Asia Foundation   338.955 RAP 1984 21/12/2013 C-1 Books
  Dewey Decimal Classification     Non-fiction Central Library, University of Rajshahi Central Library, University of Rajshahi   21/07/2007 Asia Foundation   338.955 RAP 1984 19/12/2016 C-2 Books